00333pab a2200109 454500008004000000100001900040245010200059260000900161300001400170650002800184773001100212180718b2005 xxu||||| |||| 00| 0 eng d aBenz, Matthias aNot for the profit, but for the satisfaction? - evidence on worker well-being in non-profit firms c2005 ap.155-76. aNonprofit organizations aKyklos